| 000 | 00730nam a22001937a 4500 | ||
|---|---|---|---|
| 008 | 250626s1894 xxk||||| |||| 00| 0 eng d | ||
| 041 | _aeng | ||
| 240 | _aGlasgow mode of measurement 1894 | ||
| 245 | _aRules and regulations for the measurement of brick work in Glasgow and neighbourhood | ||
| 260 |
_aGlasgow, _bStrathern & Freeman, _c1894 |
||
| 300 |
_a21cm, 4p. _bpamphlet |
||
| 500 | _aDonated by Mr John M Calder | ||
| 505 | _aCover title is brickwork. Collaborative title by the Glasgow Institute of Architects, the Glasgow Institute of Measurers and the Glasgow Master Brickbuilders' Association | ||
| 650 | _aBRICKS | ||
| 650 | _aMEASUREMENT | ||
| 651 | _aScotland | ||
| 690 |
_aMeasurement _96256 |
||
| 942 | _n0 | ||
| 999 |
_c122185 _d122185 |
||